书目信息 |
| 题名: |
物联网应用与发展研究
|
|
| 作者: | 杨众杰 著 | |
| 分册: | ||
| 出版信息: | 北京 中国纺织出版社 2018.02 |
|
| 页数: | 211页 | |
| 开本: | 24cm | |
| 丛书名: | ||
| 单 册: | ||
| 中图分类: | TP393.409 , TP18 , TP18 | |
| 科图分类: | ||
| 主题词: | 互联网络--应用--研究 , 智能技术--应用--研究 , 人工智能--理论 | |
| 电子资源: | ||
| ISBN: | 978-7-5180-3861-9 | |
| 000 | 00937nam0 2200265 450 | |
| 001 | 5067 | |
| 005 | 20181014092010.92 | |
| 010 | @a978-7-5180-3861-9@dCNY64.00 | |
| 100 | @a20180315d2018 em y0chiy50 ea | |
| 101 | 0 | @achi |
| 102 | @aCN@b110000 | |
| 105 | @aa z 000yy | |
| 200 | 1 | @a物联网应用与发展研究@9wu lian wang ying yong yu fa zhan yan jiu@f杨众杰著 |
| 210 | @a北京@c中国纺织出版社@d2018.02 | |
| 215 | @a211页@c照片@d24cm | |
| 330 | @a本书重点研究了物联网的应用和发展状况从我国物联网的现状、应用、前景三个方面进行分析,根据分析结果提出我国发展物联网的策略建议。全书共分为九章,主要内容包括:物联网感知技术;物联网传输技术;物联网定位技术等。 | |
| 606 | 0 | @a互联网络@x应用@x研究 |
| 606 | 0 | @a智能技术@x应用@x研究 |
| 606 | 0 | @a人工智能@x理论 |
| 690 | @aTP393.409@v5 | |
| 690 | @aTP18@v5 | |
| 690 | @aTP18@v4 | |
| 701 | 0 | @a杨众杰@9yang zhong jie@4著 |
| 801 | 0 | @aCN@b91MARC@c20180315 |
| 905 | @aMuseLib@dTP18@e164 | |
| 物联网应用与发展研究/杨众杰著.-北京:中国纺织出版社,2018.02 |
| 211页:照片;24cm |
| ISBN 978-7-5180-3861-9:CNY64.00 |
| 本书重点研究了物联网的应用和发展状况从我国物联网的现状、应用、前景三个方面进行分析,根据分析结果提出我国发展物联网的策略建议。全书共分为九章,主要内容包括:物联网感知技术;物联网传输技术;物联网定位技术等。 |
| ● |
| 相关链接 |
|
|
|
|
正题名:物联网应用与发展研究
索取号:TP18/164
 
预约/预借
| 序号 | 登录号 | 条形码 | 馆藏地/架位号 | 状态 | 备注 |
| 1 | 1127964 | 211279640 | 第二样本阅览室/ [索取号:TP18/164] | 在馆 | |
| 2 | 1127965 | 211279659 | 第三借阅区/ [索取号:TP18/164] | 在馆 | |
| 3 | 1127966 | 211279668 | 第三借阅区/ [索取号:TP18/164] | 在馆 | |
| 4 | 1127967 | 211279677 | 第三借阅区/ [索取号:TP18/164] | 在馆 | |
| 5 | 1127968 | 211279686 | 第三借阅区/ [索取号:TP18/164] | 在馆 |